000 00323nam a2200145Ia 4500
008 100122s9999 xx 000 0 und d
082 _b42979
_a616.072
100 _aGRECHKO V E
245 _aHEADACHE
260 _bMIV PUBLICATION
_c1986
300 _a120
630 _aHEADACHE
730 _aHEADACHE
942 _cBOOK
999 _c372981
_d372978